Správa o hospodárení škôl a školských zariadení za rok 2008

Zmena termínu predloženia súhrnnej správy o hospodárení. Výkaz k Správe o hospodárení za rok 2008. Správa o hospodárení cirkevných škôl. Príspevok na výchovu a vzdelávanie. &aktualizovaná Príručka. Výkaz k správe o hospodárení. Sankcie. Sprístupnenie webovej aplikácie. Rekapitulácia dôležitých termí...

Descrizione completa

Salvato in:
Dettagli Bibliografici
Autore principale: Sládečková, Jana
Natura: Capitolo di libro
Lingua:slovacco
Soggetti:
Tags: Aggiungi Tag
Nessun Tag, puoi essere il primo ad aggiungerne!!

MARC

LEADER 00000naa$a2200000$$$4500
001 0093551
005 20231127101624.3
041 0 |a slo 
044 |a SK 
245 1 0 |a Správa o hospodárení škôl a školských zariadení za rok 2008  |c Jana Sládečková 
520 |a Zmena termínu predloženia súhrnnej správy o hospodárení. Výkaz k Správe o hospodárení za rok 2008. Správa o hospodárení cirkevných škôl. Príspevok na výchovu a vzdelávanie. &aktualizovaná Príručka. Výkaz k správe o hospodárení. Sankcie. Sprístupnenie webovej aplikácie. Rekapitulácia dôležitých termínov. Osobitná stupnica taríf vybraných skupín zamestnancov. 
610 2 0 |a školstvo 
610 2 0 |a hospodárenie finančné 
610 2 0 |a výchova 
610 2 0 |a vzdelávanie 
100 1 |a Sládečková, Jana